000 00352nam a2200145Ia 4500
005 20251222153553.0
008 251222s9999||||xx |||||||||||||| ||spa||
020 _a8474612195
082 _a823.8/W56
100 _aWilde, Oscar
245 0 _aEl Retrato de Dorian Gray
250 _a1ra.ed.
264 _bS.A. de Promoción y Ediciones
942 _cLIB
999 _c30916
_d30916